00520nam a2200157Ia 4500008004100000041000800041082001500049100001600064245004800080260002400128300001900152365001500171520004500186999001700231952011400248240719s9999 xx 000 0 und d aeng a658.15 LAN aLangdon Ken aSmart Things To Know About Business Finance aUSAbCapstonec2000 a246.; P. 22 Cm cBPSb16.99 aGifted By : IMT Faculty Dr.senthil kumar c41212d41212 00104070aIMTNbIMTNcRack 24-Ad2023-09-05o658.15 LANp32907r2024-07-19 00:00:00w2024-07-19yBKzGifted